| 000 | 00422nam a2200181Ia 4500 | ||
|---|---|---|---|
| 005 | 20250603144925.0 | ||
| 008 | 250603s9999 xx 000 0 und d | ||
| 020 | _a0195753003 | ||
| 050 | _aPL 8822 .A96/ | ||
| 100 | _aAwobuluyi, Oladele | ||
| 245 | 0 | _aEssentials on Yoruba grammar | |
| 260 | _aIbadan | ||
| 260 | _bOxford University Press | ||
| 260 | _c1978 | ||
| 300 | _a158 p | ||
| 650 | _aIbadan | ||
| 942 | _cBK | ||
| 999 |
_c40351 _d40351 |
||